000 01082cam a2200229 4500
001 X103036
008 000000n1999 000 0 eng u
035 _a(Sirsi) u103036
245 _aTadema Holdings Ltd v Ferguson
260 _c1999
490 _aEstates Gazette
_v[1999] EGCS 138 (2)
520 _aCA 18 November 1999. Tenant becoming assured tenant by succession on death of statutory tenant - landlord serving notice of fourfold increase in rent - landlord using form superseded by recent regulation - tenant paying no rent at all - tenant lacking mental capacity to manage own affairs - tenant appealing against possession order - whether tenant properly served with required notices. (Headnote from journal).
650 _aASSURED TENANCIES
650 _aTADEMA HOLDINGS LTD V FERGUSON
650 _aMENTAL HEALTH
650 _aFORMS
650 _aNOTICES
650 _aHOUSING ACT 1988 S13(2)
650 _aASSURED TENANCIES AND AGRICULTURAL OCCUPANCIES (FORMS) REGULATIONS 1997
690 _aLANDLORD AND TENANT-CASE LAW-RESIDENTIAL TENANCIES
942 _n0
999 _c61919
_d61919